Principes d'union et d'action nationales. (Record no. 5927)

MARC details
000 -LEADER
fixed length control field 00688cam a22002411 4500
001 - CONTROL NUMBER
control field af 48004166
003 - CONTROL NUMBER IDENTIFIER
control field DLC
005 - DATE AND TIME OF LATEST TRANSACTION
control field 20260227110906.0
008 - FIXED-LENGTH DATA ELEMENTS--GENERAL INFORMATION
fixed length control field 890627s1945 fr 000 0 fre c
010 ## - LIBRARY OF CONGRESS CONTROL NUMBER
LC control number af 48004166
035 ## - SYSTEM CONTROL NUMBER
System control number (OCoLC)19933622
040 ## - CATALOGING SOURCE
Original cataloging agency California. Univ. Libr.
Transcribing agency CU
Modifying agency DLC
042 ## - AUTHENTICATION CODE
Authentication code premarc
050 00 - LIBRARY OF CONGRESS CALL NUMBER
Classification number JN2593.1945
Item number .L3
082 ## - DEWEY DECIMAL CLASSIFICATION NUMBER
Classification number 342.4409
100 1# - MAIN ENTRY--PERSONAL NAME
Personal name Lange, Jean Marie.
245 10 - TITLE STATEMENT
Title Principes d'union et d'action nationales.
260 ## - PUBLICATION, DISTRIBUTION, ETC.
Place of publication, distribution, etc. Paris,
Name of publisher, distributor, etc. Off. français du livre,
Date of publication, distribution, etc. 1945.
300 ## - PHYSICAL DESCRIPTION
Extent 355 p.
Dimensions 19 cm.
440 #0 - SERIES STATEMENT/ADDED ENTRY--TITLE
Title Collection "Pour la vérité,"
Volume/sequential designation 2
651 #0 - SUBJECT ADDED ENTRY--GEOGRAPHIC NAME
Geographic name France
General subdivision Politics and government.
651 #0 - SUBJECT ADDED ENTRY--GEOGRAPHIC NAME
Geographic name France
General subdivision Economic policy.

No items available.

Powered by Koha